1480 1075 1044 1407 1145 1568 1415 1995 1430 1772 1857 1576 1402 1178 1052 1146 1631 1655 1273 1359 1786 1347 1987 1376 1163 1545 1293 1332 1110 1582 1732 1697 1951 1036 1412 1643 1322 1400 1331 1725 1924 1514 1390 1913 1357 1665 1223 1450 1713 1399 1882 1323 1031 1513 1499 1858 1507 1640 1217 1398 1046 1662 1425 1445 1598 1262 1886 1684 1308 1280 1435 1229 1509 1840 1421 1300 1302 1738 1074 1864 1026 1152 1712 1831 1033 1827 1248 1411 1925 1484 1489 1813 1747 1517 1733 1493 1507 1673 1483 BCNSPRNW ULIB Ver.6.0+V

เปลี่ยนเป็นภาษาไทย

Change to English
 แสดงรายละเอียดบรรณานุกรม
  กลับหน้าหลัก

Brief Record : Get Marc (ISO 2709) : E-mail record : QR code < ปิดหน้าต่าง
LEADER : 00000nam 2200000uu 4500
001    13399111290
003     ULIB
008    110622s2545||||th 000 0 tha d
020    974-90388-9-4
060 04 WY200^bพ219 2545
245 00 พยาบาลครอบครัว : กรอบแนวคิดสู่การปฏิบัติ =^bThe familynurse : frameworks for practice /^cบรรณาธิการ, ยุพิน อังสุโรจน์
246 31 The family nurse : frameworks for practice
250    พิมพ์ครั้งที่ 1
260    กรุงเทพฯ :^bสมาคมพยาบาลแห่งประเทศไทย,^c2545
300    88 หน้า ;^c21 ซม.
650  7 การพยาบาลในเคหสถาน
650  7 ครอบครัว
700 0  ยุพิน อังสุโรจน์,^eบรรณาธิการ
710 2  สมาคมพยาบาลแห่งประเทศไทย
945    ^p0^l0^i12400
995     เกษร
999 ^a ใช้งานได้ทุกระบบ
รายการนี้ยังไม่มีแท็ก
คุณยังไม่ได้ล็อกอิน คุณสามารถมีกิจกรรมร่วมกับเว็บไซต์ได้ แต่ต้องล็อกอินก่อน ::
  ล็อกอิน

รายการสื่อสารสนเทศ

ลำดับที่ ประเภท เลขเรียก/บาร์โค้ด สถานที่ สถานะ
- ไม่พบข้อมูล -

รายการใกล้เคียง
    หัวเรื่อง [การพยาบาลในเคหสถาน]
    หัวเรื่อง [ครอบครัว]

BibComment


ยังไม่เคยถูกคอมเมนท์

คอมเมนท์ทรัพยากรรายการนี้
  คอมเมนท์: พยาบาลครอบครัว ก..


 Copyright 2026. Bcnsprnw @Library